|
|
|
|
| LEADER |
01229nam a2200301 a 4500 |
| 001 |
GR-MES12384 |
| 008 |
070604s gw b 001 0 gre d |
| 020 |
|
|
|a 3527303642
|
| 040 |
|
|
|a GrPaTEI
|b gre
|c GR-PaULI
|
| 040 |
|
|
|a GrPaTEI
|b gre
|c GR-PaULI
|
| 082 |
|
0 |
|a 664.52
|2 21
|
| 100 |
1 |
|
|a Bauer, Kurt
|
| 245 |
1 |
0 |
|a Common fragrance and flavor materials :
|b Preparation,properties and uses. /
|c Kurt Bauer / Dorothea Garbe / Horst Surburg.
|
| 250 |
|
|
|a 4th,completely rev. ed.
|
| 260 |
|
|
|a Weinheim
|a New York :
|b Wiley-VCH,
|c 2001
|
| 300 |
|
|
|a xii
|a 293σ. :
|b εικ. ;
|c 25εκ.
|
| 504 |
|
|
|a Περιλαμβάνει βιβλιογραφίες και ευρετήριο.
|
| 650 |
|
0 |
|a Essences and essential oils
|
| 650 |
|
0 |
|a Flavoring essences
|
| 650 |
|
0 |
|a Odors
|
| 650 |
|
4 |
|a ΑΙΘΕΡΙΑ ΕΛΑΙΑ
|
| 650 |
|
4 |
|a ΑΡΩΜΑΤΙΚΕΣ ΕΝΩΣΕΙΣ
|
| 700 |
1 |
|
|a Garbe, Dorothea.
|
| 700 |
1 |
|
|a Surburg, Horst
|
| 942 |
|
|
|2 ddc
|
| 952 |
|
|
|0 0
|1 0
|2 ddc
|4 0
|6 664_520000000000000_BAU
|7 0
|9 271091
|a MSLG
|b MSLG
|c BSC
|d 2021-01-17
|e 24
|f 0
|g 0.00
|l 1
|o 664.52 BAU
|p 2420000021862
|r 2024-05-29 00:00:00
|s 2024-05-27
|t 1
|w 2021-01-17
|y BK15
|x 20070604 0 ΜΑΤΣΙΩΡΗ 1
|x GrPaTEI
|
| 971 |
|
|
|a .b25784316
|b 15-04-20
|c 13-09-16
|
| 999 |
|
|
|c 156527
|d 156527
|